مطالع مومن کا ایک گمشدہ حوالہ (Record no. 106448)

MARC details
000 -LEADER
fixed length control field 00937nam a22002537a 4500
005 - DATE AND TIME OF LATEST TRANSACTION
control field 20170123162312.0
010 ## - LIBRARY OF CONGRESS CONTROL NUMBER
LC control number B-209141
020 ## - INTERNATIONAL STANDARD BOOK NUMBER
Terms of availability 70.00
035 ## - SYSTEM CONTROL NUMBER
System control number B-209141
037 ## - SOURCE OF ACQUISITION
Source of stock number/acquisition Cen Lib/Ret
040 ## - CATALOGING SOURCE
Original cataloging agency DPL
Language of cataloging UR
082 ## - DEWEY DECIMAL CLASSIFICATION NUMBER
Classification number 841.08
Item number م و م
100 ## - MAIN ENTRY--PERSONAL NAME
Personal name ساییڈ امتیاز احمد اشرفی
9 (RLIN) 111818
245 ## - TITLE STATEMENT
Title مطالع مومن کا ایک گمشدہ حوالہ
Statement of responsibility, etc ساییڈ امتیاز احمد اشرفی
Remainder of title
246 ## - VARYING FORM OF TITLE
Title proper/short title Mutala-e-momin ka ek gumshuda hawala /
Remainder of title by Sayyed Imtiyaz Ahmad Ashrafi
260 ## - PUBLICATION, DISTRIBUTION, ETC. (IMPRINT)
Place of publication, distribution, etc علیگڑھ
Name of publisher, distributor, etc ایجوکیشن بک ہاؤس
Date of publication, distribution, etc 2005
270 ## - ADDRESS
City علیگڑھ
Address شمشاد مارکیٹ
300 ## - PHYSICAL DESCRIPTION
Extent 111p.
Dimensions 21cm(Hb)
650 ## - SUBJECT ADDED ENTRY--TOPICAL TERM
Topical term or geographic name as entry element ادب - اردو
9 (RLIN) 111819
650 ## - SUBJECT ADDED ENTRY--TOPICAL TERM
Topical term or geographic name as entry element اردو شاعری پر تنقید
9 (RLIN) 107863
650 ## - SUBJECT ADDED ENTRY--TOPICAL TERM
Topical term or geographic name as entry element Literature -- Urdu
9 (RLIN) 111820
650 ## - SUBJECT ADDED ENTRY--TOPICAL TERM
Topical term or geographic name as entry element Urdu poetry criticism
9 (RLIN) 107865
942 ## - ADDED ENTRY ELEMENTS (KOHA)
Source of classification or shelving scheme Dewey Decimal Classification
Koha item type Urdu Bks
Classification part 841.08
Call number suffix ف ر ا
Holdings
Withdrawn status Lost status Damaged status Not for loan Home library Current library Date acquired Source of acquisition Cost, normal purchase price Total Checkouts Full call number Barcode Date last seen Copy number Cost, replacement price Price effective from Koha item type
        Central Library Central Library 21/12/2015 Cen Lib/Ret 70.00   841.08 م و م B-209141 21/12/2015 1 70.00 21/12/2015 Urdu Bks

© Delhi Public Library
Hit Counter
free hit counter